| 000 | 00598nam a2200205 a 4500 | ||
|---|---|---|---|
| 005 | 20210219153358.0 | ||
| 008 | 991125n 000 0 spa u | ||
| 035 | _aUPN01000095210 | ||
| 100 | _aGONZALEZ, Horacio | ||
| 222 | _aREVISTA INTERCONTINENTAL DE PSICOLOGIA Y EDUCACION | ||
| 245 | _aPsicología de las interfaces : usuario sitema : teorías y métodos | ||
| 300 | _a35-61 | ||
| 362 | _a1993 Vol. 6, nos. 1-2 | ||
| 653 | 0 | _aAPRENDIZAJE | |
| 653 | 0 | _aCIBERNETICA | |
| 653 | 0 | _aCONOCIMIENTO | |
| 653 | 0 | _aINTERACCION HOMBRE-COMPUTADORA | |
| 904 |
_aAC _b033021 |
||
| 905 | _aArticulo | ||
| 999 |
_c75383 _d75383 |
||